LEADER 01083cam0 2200337 450 001 000002901 005 20180918141658.0 100 $a20010605d1978----km-y0itay50------ba 101 1 $aita$ceng 102 $aIT 105 $ay-------001yy 200 1 $a<>riforma monetaria$fJohn Maynard Keynes$gtraduzione di Piero Sraffa 210 $aMilano$cFeltrinelli$d1978 215 $a160 p.$d22 cm 225 2 $a<>fatti e le idee$v297 225 2 $aBiblioteca di economia 410 0$12001$a<>fatti e le idee 410 0$12001$aBiblioteca di economia 500 10$a<>tract on monetary reform$m$925700 610 1 $aMoneta$aTeorie 610 1 $aRiforme monetarie 676 $a332.401$v19$9Moneta. Teorie 676 $a332$v18$9Economia finanziaria 700 1$aKeynes,$bJohn Maynard$034099 702 1$aSraffa,$bPiero$4070 801 0$aIT$bUNIPARTHENOPE$gRICA$2UNIMARC 912 $a000002901 951 $a330.156/105$b27571$cNAVA4$d20010607 951 $a311/83$b5400$cNAVA2 996 $aTract on monetary reform$925700 997 $aUNIPARTHENOPE